| 000 | 00881nam a2200277 i 4500 | ||
|---|---|---|---|
| 001 | bg | ||
| 003 | BPK | ||
| 005 | 20211231085816.0 | ||
| 008 | 000829s2000 pl a f f |000 0 pol | ||
| 015 | _aPB 2001/49 | ||
| 020 | _a8391073467 | ||
| 040 |
_aWA N _cBPK |
||
| 041 | 0 | _apol | |
| 080 | _a336.76 | ||
| 080 | _a(075.8) | ||
| 100 | 1 |
_aNacewski, Jerzy _d(1941- ). |
|
| 245 | 1 | 0 |
_aFunkcjonowanie rynków finansowych / _cJerzy Nacewski, Kazimierz Zabielski. |
| 260 |
_aŁódź : _bWydaw. Naukowe Wyższej Szkoły Kupieckiej, _c2000. |
||
| 300 |
_a244 s. : _bil. ; _c24 cm. |
||
| 504 | _aBibliogr. | ||
| 655 | 4 | _aPodręczniki akademickie | |
| 650 | 4 | _aRynek finansowy | |
| 700 | 1 |
_aZabielski, Kazimierz _d(1932-2014) _eAutor |
|
| 942 |
_2UKD _cKS |
||
| 856 |
_uhttp://koha.tu.koszalin.pl/cgi-bin/koha/opac-detail.pl?biblionumber=46010 _yKatalog online BPK |
||
| 999 |
_c46010 _d46010 |
||